Giáo trình luật hình sự Việt Nam-Phần chung
Nội dung sách giới thiệu nhiệm vụ, nguyên tắc của luật hình sự; cấu tạo và hiệu lực của luật hình sự Việt Nam; trách nhiệm của luật hình sự Việt Nam đối với người chưa thành niên phạm tội....
محفوظ في:
| المؤلف الرئيسي: | |
|---|---|
| التنسيق: | كتاب |
| اللغة: | Undetermined |
| منشور في: |
Thành phố Hồ Chí Minh
Hồng Đức
2014
|
| الموضوعات: | |
| الوسوم: |
إضافة وسم
لا توجد وسوم, كن أول من يضع وسما على هذه التسجيلة!
|
| Thư viện lưu trữ: | Trung tâm Học liệu Trường Đại học Cần Thơ |
|---|
| LEADER | 00990nam a2200217Ia 4500 | ||
|---|---|---|---|
| 001 | CTU_192818 | ||
| 008 | 210402s9999 xx 000 0 und d | ||
| 020 | |c 82000 | ||
| 082 | |a 345.597 | ||
| 082 | |b V312 | ||
| 100 | |a Trần, Thị Quang Vinh | ||
| 245 | 0 | |a Giáo trình luật hình sự Việt Nam-Phần chung | |
| 245 | 0 | |c Trần Thị Quang Vinh | |
| 260 | |a Thành phố Hồ Chí Minh | ||
| 260 | |b Hồng Đức | ||
| 260 | |c 2014 | ||
| 520 | |a Nội dung sách giới thiệu nhiệm vụ, nguyên tắc của luật hình sự; cấu tạo và hiệu lực của luật hình sự Việt Nam; trách nhiệm của luật hình sự Việt Nam đối với người chưa thành niên phạm tội. | ||
| 650 | |a Criminal procedure,Criminal law,Luật hình sự | ||
| 650 | |z Vietnam,Vietnam,Việt Nam | ||
| 904 | |i Tuyến | ||
| 980 | |a Trung tâm Học liệu Trường Đại học Cần Thơ | ||